000 00370nam a2200133Ia 4500
999 _c10536
_d10536
003 OSt
008 220318s9999 xx 000 0 und d
020 _a9788492861767
082 _a720
100 _aMies van der Rohe award (2011 : Berlin)
245 0 _aMies van der Rohe award 2011 : European Union prize for contemporary architecture
260 _aACTAR
942 _2ddc